| 000 | 00884nam a22002897a 4500 | ||
|---|---|---|---|
| 003 | CHAP | ||
| 005 | 20220329140305.0 | ||
| 008 | 971013s1964 r 00010 d | ||
| 010 | _a49824 | ||
| 011 | _a50796 | ||
| 035 | _a54946 | ||
| 040 | _cCHAP | ||
| 082 |
_a633.7303 _bR62 |
||
| 100 | 0 | 0 |
_aRochac, Alfonso. _998203 |
| 245 | _aDiccionario del café | ||
| 260 |
_aNew York : _bOficina Panamericana, _c1964 |
||
| 300 |
_a490 p. _b: ilus. |
||
| 590 |
_aBATCH-UPD _b10 _c20130110 _lUCH01 _h0344 |
||
| 590 |
_aBATCH-UPD _b10 _c20130410 _lUCH01 _h0017 |
||
| 590 |
_aBATCH-UPD _b10 _c20130914 _lUCH01 _h0807 |
||
| 590 |
_aCONVERSION _b10 _c20130109 _lUCH01 _h1327 |
||
| 650 | 1 | 4 |
_aCafé _xDiccionarios. _917126 |
| 901 | _aBK | ||
| 942 | _cLIBRO | ||
| 949 |
_a633.7303 R62 _bBC _cC _d33724000571154 _eC _fc.2 _h16915 _i54946 _si |
||
| 949 |
_a633.7303 R62 _bBC _cC _d33724000929899 _eC _h25977 _i54946 _si |
||
| 999 |
_c49824 _d49824 |
||